<?xml version="1.0" encoding="UTF-8"?>
<marc:record xmlns:marc="http://www.loc.gov/MARC21/slim">
   <marc:leader>00000nam a2200000 a 4500</marc:leader>
   <marc:datafield ind1="1" ind2=" " tag="100">
      <marc:subfield code="a">Caspian, Hanna</marc:subfield>
      <marc:subfield code="4">aut</marc:subfield>
      <marc:subfield code="e">Verfasser/-in</marc:subfield>
   </marc:datafield>
   <marc:datafield ind1="0" ind2="0" tag="245">
      <marc:subfield code="a">Hinter dem hellen Schein</marc:subfield>
   </marc:datafield>
   <marc:datafield ind1=" " ind2="1" tag="264">
      <marc:subfield code="b">Knaur Verl.</marc:subfield>
      <marc:subfield code="c">2022</marc:subfield>
   </marc:datafield>
   <marc:datafield ind1="1" ind2=" " tag="490">
      <marc:subfield code="a">Schloss Liebenberg</marc:subfield>
   </marc:datafield>
   <marc:datafield ind1="1" ind2=" " tag="520">
      <marc:subfield code="a">Anfang des 20. Jahrhunderts, die achzehnjährige Adelheid, Tochter eines Tagelöhners, soll auf Schloss Liebenberg als Stubenmädchen anfangen. Niemals hätte sie sich so ein Glück träumen lassen, denn nun kann sie für ihre hungernde Familie sorgen. Außerdem darf sie mit Viktor, einem der Diener, zusammenarbeiten, zu dem sie sich vom ersten Moment an hingezogen fühlt. Doch ihr Glück dauert nicht lange an. Es ruft Neider auf dem Plan, die das unschuldige Mädchen in eine Falle locken. Adelheid wird zum Hausmädchen degradiert und muss nun mit der erfahrenen Hedda Pietsch zusammen in einer kleinen Stube wohnen. Die besten jungen Frauen werden zu Freundinnen in höchster Not, und zu Zeuginnen des größten Skandals des deutschen Kaiserreichs.</marc:subfield>
   </marc:datafield>
   <marc:datafield ind1=" " ind2=" " tag="020">
      <marc:subfield code="a">9783426528495</marc:subfield>
      <marc:subfield code="9">9783426528495</marc:subfield>
   </marc:datafield>
</marc:record>
